000 00670nam a2200229 i 4500
001 66393
003 ES-MaACL
005 20250911062827.0
007 t|
008 030327s2002 sp ||||0| spa d
020 _a84-7522-927-1
040 _aM-BN
_bspa
_cM-BN
080 _a821.134.2-14"19"
100 1 _aPérez Zúñiga, Ernesto.
_991231
245 1 0 _aCalles para un pez luna /
_cErnesto Pérez Zúñiga.
260 _aMadrid :
_bVisor Libros,
_c[2002]
300 _a80 p ;
_c20 cm.
490 1 _aColección Visor de poesía ;
_v499
830 0 _aColección Visor de poesía
_v499
_9177331
852 _aES-MaACL
_jL-26878
_bR.132506
999 _c66393
_d66393